Don Hermógenes Pérez de Arce: 1845-1902

Na minha lista:
Detalhes bibliográficos
Autor principal: Marín Vicuña, Santiago (autor)
Formato: Livro
Idioma:espanhol
Publicado em: Santiago Establecimientos Gráficos Balcells & Co 1931
Edição:1a. ed
Assuntos:
Tags: Adicionar Tag
Sem tags, seja o primeiro a adicionar uma tag!

MARC

LEADER 00000nam a2200000 a 4500
001 UCJ4185
003 CL-VaPUC
005 20250505102431.0
008 070124e19311115CL |||||||||||||||||spa|d
999 |c 320302  |d 320300 
040 |c Pontificia Universidad Católica de Valparaíso 
082 0 4 |a 923  |b PER  |2 21 
100 |a Marín Vicuña, Santiago  |e autor  |9 507327 
245 1 0 |a Don Hermógenes Pérez de Arce: 1845-1902 
250 |a 1a. ed 
260 |a Santiago  |b Establecimientos Gráficos Balcells & Co  |c 1931 
300 |a 211 p 
500 |a Retrato del autor, de Hermógenes Pérez de Arce, Pedro Félix Vicuña y Dn. Agustín Edwards Mac-Clure 
583 |a last modification  |c 20070124 00:00:00  |k Rodrigo Vera 
600 0 7 |a PEREZ DE ARCE, HERMOGENES  |2 CL-VaPUC  |9 507328 
600 0 7 |a Marín Vicuña, Santiago,  |d 1871-1936  |9 862626 
600 0 7 |a EDWARDS MAC-CLURE, AGUSTIN  |2 CL-VaPUC  |9 444634 
600 0 7 |a VICUÑA, PEDRO FELIX  |2 CL-VaPUC  |9 315183 
600 0 7 |a SOCIEDAD DE FOMENTO FABRIL  |2 CL-VaPUC  |9 446177 
600 0 7 |a LA AURORA  |2 CL-VaPUC  |9 507330 
600 0 7 |a EL SEMANARIO  |2 CL-VaPUC  |9 468089 
600 0 7 |a EL ECO DEL SUR  |2 CL-VaPUC  |9 507331 
600 0 7 |a EL FERROCARRIL  |2 CL-VaPUC  |9 507332 
600 0 7 |a LA EPOCA  |2 CL-VaPUC  |9 507333 
600 0 7 |a SILVA VILDOSOLA, CARLOS  |2 CL-VaPUC  |9 504945 
600 0 |a El mercurio de valparaíso  |9 445813 
650 7 |a BIOGRAFIA  |2 CL-VaPUC  |9 504622 
650 0 |a Iconografía   |9 267998 
650 7 |a INDUSTRIA  |2 CL-VaPUC  |9 315110 
650 0 |a Prensa y periodismo   |z Chile  |9 504409 
650 0 |a Hacienda pública  |9 258673 
650 0 |a Ferrocarriles  |9 260933 
650 7 |a BIBLIOGRAFIA  |2 CL-VaPUC  |9 256175 
650 0 |a Administración pública   |9 255343 
650 0 |a Alcoholismo  |9 259651 
650 0 |a Tabaco  |9 343563 
650 0 |a Economía política  |9 255814 
650 7 |a GUERRA CIVIL DE 1891  |2 CL-VaPUC  |9 408173 
650 0 |a Moneda  |9 342365 
650 0 |a Genealogía  |9 255285 
650 0 |a Magisterio   |9 258739 
942 |c BK  |2 ddc 
945 |d 20070124 00:00:00  |a rinostro 
952 |0 0  |1 0  |4 0  |6 923_000000000000000_PER_1931  |7 0  |8 X  |9 398797  |a FDOBUD  |b FDOBUD  |d 2019-11-22  |i 1007211  |o 923 PER 1931  |p 1007211  |r 2019-11-22  |w 2019-11-22  |y BK_X  |k BUD 
952 |0 0  |1 0  |4 0  |6 923_000000000000000_PER_1931  |7 0  |8 X  |9 398798  |a FDOBUD  |b FDOBUD  |d 2019-11-22  |i 101496K  |o 923 PER 1931  |p 101496K  |r 2019-11-22  |w 2019-11-22  |y BK_X  |k BUD